000
00303nam a2200121Ia 4500
008
190216s9999||||xx |||||||||||||| ||und||
100
_a
Dr.Narendra Sinh Mahla
245
0
_a
Hindi-Bharatiya Darshan Shabd Kosh
260
_b
Jain Prakashan Mandir
_c
2004
300
_a
295
650
_a
Hindi
942
_c
BK
999
_c
16431
_d
16431